| 000 | 00596nam a2200205 a 4500 | ||
|---|---|---|---|
| 005 | 20221027063409.0 | ||
| 008 | 010625s1996 es r 000 0 spa d | ||
| 020 | _a8436809556 | ||
| 035 | _aUPN01000108929 | ||
| 049 | _aCG | ||
| 050 | 4 |
_aHV5135 _bS4.2 |
|
| 100 | 1 | _aSecades Villa, Roberto | |
| 245 | 1 | 0 |
_aAlcoholismo juvenil : _bprevención y tratamiento / _cRoberto Secades Villa. |
| 260 |
_aMadrid : _bPirámide, _c1996. |
||
| 300 | _a159 p. | ||
| 440 | 0 |
_aOjos solares. _pTratamiento |
|
| 650 | 4 |
_aALCOHOL Y JUVENTUD _92114 |
|
| 650 | 7 |
_aAlcoholismo _xTratamiento _2 _92126 |
|
| 905 | _aLibro | ||
| 999 |
_c82840 _d82840 |
||